Determinación de las mejores condiciones de preparado de muestra para las pruebas de energía superficial y adhesión neumática en agregado con análisis topológico superficial para la generación de un protocolo.
Gespeichert in:
| 1. Verfasser: | |
|---|---|
| Weitere Verfasser: | |
| Format: | Buch |
| Sprache: | Spanish |
| Veröffentlicht: |
San José, [Costa Rica]
2019
|
| Schlagworte: | |
| Tags: |
Tag hinzufügen
Keine Tags, Fügen Sie den ersten Tag hinzu!
|
MARC
| LEADER | 00000nam a22000007a 4500 | ||
|---|---|---|---|
| 003 | 013128 | ||
| 005 | 20230508103103.0 | ||
| 008 | 190917b2019 c a|||| |m|| 00| ||spa d | ||
| 040 | |c cru CEDI | ||
| 090 | |a TFG 8278 | ||
| 100 | |9 509 |a Tencio González, Daybis Stuar, 1994- | ||
| 245 | |a Determinación de las mejores condiciones de preparado de muestra para las pruebas de energía superficial y adhesión neumática en agregado con análisis topológico superficial para la generación de un protocolo. | ||
| 260 | |a San José, [Costa Rica] |c 2019 | ||
| 500 | |a Proyecto de graduación(licenciatura en ingeniería química)--Universidad de Costa Rica. Facultad de Ingeniería. Escuela de Ingeniería Química | ||
| 501 | |a Directora de Proyecto de Graduación: Quím. Alejandra Baldi Sevilla, M.Sc | ||
| 650 | |x MICROSCOPIA DE FUERZA ATOMICA |x TOPOGRAFIA |x CONSTRUCCION DE CARRETERAS |x ASFALTO - ANALISIS |x MICROSCOPIOS ELECTRONICOS DE BARRIDO | ||
| 700 | |9 403 |a Baldi Sevilla, Alejandra Marcela, 1988- |d Directora del TFG | ||
| 942 | |c CEDI |h TFG 8778 |6 TFG_8778_000000000000000 | ||
| 999 | |c 21793 |d 21793 | ||
